000
00506nam a2200145Ia 4500
008
151213s9999 xx 000 0 und d
100
_a
বাংলা একাডেমী।
245
_a
ভাষা ও সাহিত্য।
_c
বাংলা একাডেমী।
260
_a
ঢাকা
_b
বাংলা একাডেমী।
_c
1970
300
_a
8841 p.
650
_a
Bangla
650
_a
সাহিত্য।
700
_a
বাংলা একাডেমী।
999
_c
4626
_d
4626